Parry and Kerridge: The Law of Succession/ (Record no. 1163)

000 -LEADER
fixed length control field 00448nam a22001697a 4500
003 - CONTROL NUMBER IDENTIFIER
control field OSt
005 - DATE AND TIME OF LATEST TRANSACTION
control field 20140116120847.0
008 - FIXED-LENGTH DATA ELEMENTS--GENERAL INFORMATION
fixed length control field 130603b xxu||||| |||| 00| 0 eng d
050 ## - LIBRARY OF CONGRESS CALL NUMBER
Classification number KD 1500 .K47 2009
245 ## - TITLE STATEMENT
Title Parry and Kerridge: The Law of Succession/
Statement of responsibility, etc Kerridge, Roger
250 ## - EDITION STATEMENT
Edition statement 12th ed.
260 ## - PUBLICATION, DISTRIBUTION, ETC. (IMPRINT)
Place of publication, distribution, etc London:
Name of publisher, distributor, etc Sweet&Maxwell,
Date of publication, distribution, etc 2009
300 ## - PHYSICAL DESCRIPTION
Extent xxxiii, 668p.
504 ## - BIBLIOGRAPHY, ETC. NOTE
Bibliography, etc Includes index
700 ## - ADDED ENTRY--PERSONAL NAME
Personal name A.H.R Brierley
942 ## - ADDED ENTRY ELEMENTS (KOHA)
Source of classification or shelving scheme
Koha item type Book
Holdings
Withdrawn status Lost status Source of classification or shelving scheme Damaged status Not for loan Home library Current library Date acquired Total Checkouts Total Renewals Full call number Barcode Date last seen Date checked out Copy number Price effective from Koha item type Checked out
          Riara University Library Riara University Library 03/06/2013 10 1 KD1500.K47 2009 4183/13 28/11/2016 02/11/2016 C.1 03/06/2013 Book  
          Riara University Library Riara University Library 03/06/2013 13 2 KD1500.K47 2009 4182/13 04/02/2026 16/01/2026 C.2 03/06/2013 Book  
          Riara University Library Riara University Library 03/06/2013 14 2 KD1500.K47 2009 4180/13 11/04/2018 28/03/2018 C.3 03/06/2013 Book  
          Riara University Library Riara University Library 03/06/2013 19 2 KD1500.K47 2009 4179/13 08/12/2023 01/12/2023 C.4 03/06/2013 Book  
          Riara University Library Riara University Library 03/06/2013 16 3 KD1500.K47 2009 4178/13 31/07/2019 25/07/2019 C.5 03/06/2013 Book  
          Riara University Library Riara University Library 03/06/2013 18 2 KD1500.K47 2009 4177/13 13/12/2022 13/12/2022 C.6 03/06/2013 Book 13/12/2022

Riara University Library,
P.O. Box 49940-00100,
Nairobi, Kenya.